Psicología de la espiritualidad religiosa / (Record no. 168543)

MARC details
000 -LEADER
campo de control de longitud fija 00621nam a22001935i 4500
001 - NÚMERO DE CONTROL
campo de control 168543
003 - IDENTIFICADOR DE NÚMERO DE CONTROL
campo de control ES-MaACL
005 - FECHA Y HORA DE LA ÚLTIMA TRANSACCIÓN
campo de control 20250822035018.0
008 - DATOS DE LONGITUD FIJA--INFORMACIÓN GENERAL
campo de control de longitud fija 080417s1967 sp |||| | spa d
080 ## - NÚMERO DE LA CLASIFICACIÓN DECIMAL UNIVERSAL
Número de la Clasificación Decimal Universal 159.9:248
100 1# - ENTRADA PRINCIPAL--NOMBRE DE PERSONA
Nombre de persona Mac Laughlin, Barry.
9 (RLIN) 137633
245 10 - MENCIÓN DEL TÍTULO
Título Psicología de la espiritualidad religiosa /
Mención de responsabilidad, etc. Barry Mac Laughlin ; [versión... por Francisco Migoya].
260 ## - PUBLICACIÓN, DISTRIBUCIÓN, ETC.
Lugar de publicación, distribución, etc. Bilbao :
Nombre del editor, distribuidor, etc. Mensajero,
Fecha de publicación, distribución, etc. 1967.
300 ## - DESCRIPCIÓN FÍSICA
Extensión 217 p. ;
Dimensiones 20 cm.
650 17 - PUNTO DE ACCESO ADICIONAL DE MATERIA--TÉRMINO DE MATERIA
Término de materia o nombre geográfico como elemento de entrada Psicología religiosa
Fuente del encabezamiento o término embne
9 (RLIN) 16571
700 1# - ENTRADA AGREGADA--NOMBRE PERSONAL
Nombre de persona Migoya, Francisco.
9 (RLIN) 137634
852 ## - LOCALIZACIÓN
Ubicación ES-MaACL
Número de control de estantería C-32481
itemnumber R.63009
Holdings
Estatus retirado Estado de pérdida Estado de daño No para préstamo Biblioteca de origen Biblioteca actual Ubicación en estantería Fecha de adquisición Fuente de adquisición Total de préstamos Signatura topográfica completa Código de barras Visto por última vez Precio de reemplazo Tipo de ítem Koha
        Biblioteca del Ateneo de Madrid Biblioteca del Ateneo de Madrid Depósito 2 17/04/2008     C-32481 1176868 23/02/2023 23/02/2023 Libro impreso